000 00750nam a2200217 i 4500
001 99304
003 ES-MaACL
005 20230906182457.0
007 t|
008 050906s1933 sp |||| | spa d
100 1 _aMartín Retortillo, Cirilo.
_977625
245 1 0 _aNotas sobre el procedimiento contencioso-administrativo /
_cpor Cirilo Martín Retortillo ; con un prólogo del Excmo. Sr. D. Diego Mª Crehuet.
260 _aHuesca :
_bV. Campo,
_c1933.
300 _a172 p. ;
_c19 cm.
490 1 _aEstudios jurídicos
650 0 4 _aProcedimiento contencioso administrativo-
_zEspaña.
_916424
700 1 _aCrehuet del Amo, Diego María.
_941475
830 0 _aEstudios jurídicos
_9183446
852 _aES-MaACL
_jA-2004
999 _c99304
_d99304